| 000 | 00495cam a2200181ua 4500 | ||
|---|---|---|---|
| 001 | 719 | ||
| 008 | 110413n ii |||gr||||Z||||||eng | ||
| 040 | _cMAIN | ||
| 082 | _a320.4 | ||
| 245 |
_aTheory and practice of modern govenments. _cBy L N Srivastava. |
||
| 250 | _a1st. | ||
| 260 |
_aDelhi.: _bSurajeet book depot.,974. |
||
| 300 |
_aviii, 372 p.: _c20cm. |
||
| 653 | _aPolitical science. | ||
| 653 | _aTheory and practice of modern governments. | ||
| 700 | 1 | _aSrivastava, L N., | |
| 942 | _cBK | ||
| 999 |
_c646 _d646 |
||